000 00253nam a22000977a 4500
100 _aMathew, T.V.
245 _aRubber Board @75. 2. Rubber production department
260 _bRubber, 686(July): 2023. 9-12.
650 _aRubber board history
942 _cJS
999 _c75061
_d75061